Mérope (Record no. 22053)
[ view plain ]
| 000 -LEADER | |
|---|---|
| campo de control de longitud fija | 00784nam a2200205 i 4500 |
| 001 - NÚMERO DE CONTROL | |
| campo de control | 22053 |
| 003 - IDENTIFICADOR DE NÚMERO DE CONTROL | |
| campo de control | ES-MaACL |
| 005 - FECHA Y HORA DE LA ÚLTIMA TRANSACCIÓN | |
| campo de control | 20260303063010.0 |
| 007 - CAMPO FIJO DE DESCRIPCIÓN FÍSICA--INFORMACIÓN GENERAL | |
| campo de control de longitud fija | t| |
| 008 - DATOS DE LONGITUD FIJA--INFORMACIÓN GENERAL | |
| campo de control de longitud fija | 021129s1853 sp |||| | spa d |
| 100 1# - ENTRADA PRINCIPAL--NOMBRE DE PERSONA | |
| Nombre de persona | Alfieri, Vittorio, |
| Fechas asociadas al nombre | 1749-1803 |
| 9 (RLIN) | 19840 |
| 245 10 - MENCIÓN DEL TÍTULO | |
| Título | Mérope |
| Resto del título | : tragedia en cinco actos / |
| Mención de responsabilidad, etc. | de Alfieri ; traducción de Juan Eugenio Harcenbusch (sic). |
| 260 ## - PUBLICACIÓN, DISTRIBUCIÓN, ETC. | |
| Lugar de publicación, distribución, etc. | [Madrid : |
| Nombre del editor, distribuidor, etc. | s.n., |
| Fecha de publicación, distribución, etc. | 1853] ( |
| Fabricante | Imp. del Seminario e Ilustración) |
| 300 ## - DESCRIPCIÓN FÍSICA | |
| Extensión | 24 p. : |
| Otras características físicas | il. ; |
| Dimensiones | 23 cm. |
| 490 1# - MENCIÓN DE SERIE | |
| Mención de serie | Folletín de las Novedades |
| 700 1# - ENTRADA AGREGADA--NOMBRE PERSONAL | |
| Nombre de persona | Hartzenbusch, Juan Eugenio, |
| Fechas asociadas al nombre | 1806-1880 |
| 9 (RLIN) | 62011 |
| 830 0# - PUNTO DE ACCESO ADICIONAL DE SERIE-TÍTULO UNIFORME | |
| Título uniforme | Folletín de las novedades |
| 9 (RLIN) | 185765 |
| 852 ## - LOCALIZACIÓN | |
| Ubicación | ES-MaACL |
| Número de control de estantería | G-4762(3) |
| Nota libre | - Enc. con otras obras |
| condición física | - Sin port. |
| Nota libre | . - Legado M. de la Fuente |
| Estatus retirado | Estado de pérdida | Estado de daño | No para préstamo | Colección | Biblioteca de origen | Biblioteca actual | Ubicación en estantería | Fecha de adquisición | Fuente de adquisición | Total de préstamos | Signatura topográfica completa | Código de barras | Visto por última vez | Precio de reemplazo | Tipo de ítem Koha |
|---|---|---|---|---|---|---|---|---|---|---|---|---|---|---|---|
| Libros del s. XIX | Biblioteca del Ateneo de Madrid | Biblioteca del Ateneo de Madrid | Depósito 2 | 17/01/2008 | G-4762(3) | 1022666 | 23/02/2023 | 23/02/2023 | Libro impreso antiguo |
